MDQL
is popping MORE tags! Check the
thread
!
Quizzes
Events
Quiz Creation
Community
Videos
Private Events
Remove Ads
Sign In
Join for FREE
Feedback
Dark Mode
Quiz Categories
Sports
Geography
Music
Movies
Television
Just For Fun
Miscellaneous
History
Literature
Language
Science
Gaming
Entertainment
Religion
Holiday
For Kids
Quiz Lab
Recent
Popular Today
Quiz Kudos Today
Editor Picks
Curator Picks
Quizzes by...
Day
Popularity
Type
Ratings
Length
Year
Community
Subscriptions
Recent Discussions
Orange Saloon
Badges
Playlists
Quests
Create
Leaderboards
Showdown
Live 5
Trivia Bingo
Activity
Puzzle Library
Sporcle Events
Private Events
Virtual Trivia
Globe League
Become a Host
Pub Owners
SporcleCon
Opinionation
Our Games
Videos
Blog
Mobile Apps
Partnerships
Remove Ads and Go Orange
Feedback
Television
TV Characters
TV Show
Sitcom
Network
Friends
Reality Shows
Cast
South Park
Star Trek
The Simpsons
Doctor Who
Television
TV Characters
TV Show
Sitcom
Network
Friends
Reality Shows
Cast
South Park
Star Trek
The Simpsons
Doctor Who
Random Quiz
Search Sporcle
×
Quiz Lab
Quiz Lab
Television
tech
Type in answers that appear in a list
Type in answers that appear in a list
Classic
Best Score? Go Orange.
Stargate SG-1 Tech. Acronyms/Abbrev. Stats
Can you name the Stargate SG-1 Tech. Acronyms/Abbrev.?
By
karate02
5m
14 Questions
2,162 Plays
2,162 Plays
2,162 Plays
Comments
Comments
Give Quiz Kudos
Give Quiz Kudos
-
- Ratings
hide this ad
Replay
Link that replays current quiz
Next Quiz
Link to next quiz in quiz playlist
You Got
0%
They Got
Avg Score
29%
Avg Friend Score
Upgrade to see
Score Distribution
Jump to the score distribution portion of the page
Score
0/14
Timer
05:00
0
Plays Today
Hint
Technology
% Correct
DHD
Dial-Home Device
95.1%
ZPM
Zero Point Module
71.8%
HUD
Heads-Up Display
50.8%
IDC
Identification Code
44.1%
Zat
Zat'ni'katel
40.5%
UAV
Unmanned Airborne Vehicle
34%
ARG/
ARW
Anti-Replicator Gun
29.9%
Hint
Technology
% Correct
GDO
Garage Door Opener
29.7%
TER
Transphase Eradication Rod
6.4%
MALP
Mobile Analytic Laboratory Probe
5.7%
FRED
Field Remote Expeditionary Device
3.7%
DUEV
Deep Underground Excavation Vehicle
2.9%
PTD
Page-Turning Device
2.7%
Tak
Takunitagaminituron
0.9%
Quiz Playlist
Details
Report
Send in Message
Add To Playlist
Classic:
Type in answers that appear in a list
Quiz Source
Last Updated: Feb 16, 2017
Quiz Scoreboard
CHALLENGE
Sign Up to Join the Scoreboard
Show All
Scores
Hide
Comments
May contain spoilers
Recently Published
Image Sorting: Flags VI
by Barbecue
Geography
2m
Find the 'City' Movie
by crazypaving
Movies
60s
Colored Red Africa Blitz
by spor1
Geography
45s
More to Explore
Quiz From the Vault
Featured Blog Post
14 Easter Pick-up Lines to Find Eggs With
hide this ad
You Might Also Like...
Tags
Abbreviation
Acronym
stargate
Stargate SG-1
tech
Tech Acronyms
Technology
Today's Top Quizzes in Television
Browse Television
hide this ad
Today's Top Quizzes in tech
Browse tech
Top Contributed Quizzes in Television
1
Survivor Journey Challenge
2
Brooklyn Nine Nine Logic Puzzle (How-To-Play)
3
Total Drama Characters
4
Adjectives in 00s TV Shows
5
Phoebe Buffay Quotes
6
Survivor Heroes vs. Villains Logic Puzzle
7
Survivor Trivia
8
Emmerdale Characters (from August 2012)
9
Game of Thrones: Tywin Lannister Start to Finish
10
Survivor Logic Puzzle: Heroes vs. Villains
Explore More
Trending Topics
Disney
Crossword
Kpop
NBA
Marvel
Harry Potter
Anime
WWE
Pokémon
The Office
Country
Song
NFL
Soccer
Puzzle
hide this ad
More By:
karate02
Quiz
Plays
Rating
Category
Featured
Created
Wikipedia Languages
4,512
3.69
Miscellaneous
Nov 21, 2009
Characters from Stargate SG-1
3,492
2.32
Television
Sep 26, 2009
Top Selling Beers in US (2008)
2,203
2.45
Miscellaneous
Oct 31, 2009
Stargate SG-1 Tech. Acronyms/Abbrev.
2,162
2.30
Television
Sep 27, 2009
Chrono Trigger characters
2,141
3.00
Gaming
Sep 27, 2009
Go to Creator's Profile
Score Distribution
Quiz Creator Spotlight
karate02
Follow
Send a Message
Quizzes Created
-
Created Quiz Play Count
-
More By This Creator
Popular Quizzes Today
1
Colored Red Africa Blitz
2
Find the US States - No Outlines Minefield
3
Find the 'City' Movie
4
5x2 Blitz: Bands
5
The Countries of the World
6
Find the US States
7
Find the Countries of Europe - No Outlines Minefield
8
US States
More Television Quizzes
Survivor: Got a Vote, Didn't Win
Quiz Lab
Trending Quizzes
Colored Red Europe Blitz I
Colored Red Europe Blitz II
Colored Red Africa Blitz II
Colored Red Europe Blitz III
Colored Red Africa Blitz III
Recently Updated
How Do You Spell That?
pecheneg
Godzilla Movies
pecheneg
Grab Bag: 4-10 Letters
pecheneg
2024 March Madness Bracket
pecheneg
Famous TV Couples
Peacemaker
Champions League XIs: Real Madrid
pecheneg
Largest US Cities 1790-2010
pecheneg
Rides in Walt Disney World
pecheneg
Most Oscar Losses (Acting)
pecheneg
Beyoncé Albums
pecheneg
Trending Topics
Disney
Harry Potter
Crossword
Kpop
NBA
Anime
Marvel
Soccer
WWE
Country
NFL
Puzzle
The Office
Song
Pokémon
Your Account Isn't Verified!
In order to create a playlist on Sporcle, you need to verify the email address you used during registration. Go to your
Sporcle Settings
to finish the process.
Report this User
Report this user for behavior that violates our
Community Guidelines
.
Details:
Send Report
Go to the Sporcle.com Mobile Site →
Comments